000 00274nam a22001217a 4500
008 210301b ||||| |||| 00| 0 eng d
041 _aeng
080 _a62
100 _a26
101 _aMEK
245 _aFire fighting/principles & practices
_cClark,F.J
942 _2udc
_cBK
999 _c55387
_d55387